00365nam a2200121 a 4500008004100000050001500041100002700056245003400083246006300117260003800180300001600218350000900234120416s1981 ||||||||||||||||| || u aRA 967 Cam aCammock, Ruth Margaret10aPrimary health care buildings abriefing and design guide for architects and their clients aLondonbArchitectural Pressc1981 a93p. : ill. a0.00